Reyes de Países Bajos - Estadísticas

Estadísticas generales
  • Esta prueba ha sido intentada 52 veces
  • La puntuación promedio es 8 de 11
Estadísticas de respuestas
Período Nombre del Rey/Reina % Correcto
1815-1839 Guillermo I
95%
1839-1840 Guillermo I
95%
1840-1849 Guillermo II
95%
1849-1890 Guillermo III
95%
1980-2013 Beatriz
83%
1813-1815 Guillermo I
80%
1890-1948 Guillermina
68%
1948-1980 Juliana
63%
1806-1810 Luis I
59%
1810 Luis II
59%
2013-Act. Guillermo Alejandro
49%
No se encontraron pruebas coincidentes
Distribución de puntuación
Porcentaje de gente con cada puntuación
Porcentaje por número respondido
Historial de tus puntuaciones
No has intentado esta prueba.